000 00665nam a2200181Ia 4500
008 090124s9999 xx 000 0 und d
082 _b31111
_a4246
100 _aढवळे वि. ना.
245 _a माझे शैक्षमिक अनुभव व काही विचार
250 _a1
260 _c2001
300 _a136
600 _aढवळे वि. ना.
630 _a माझे शैक्षमिक अनुभव व काही विचार
700 _aढवळे वि. ना.
730 _a माझे शैक्षमिक अनुभव व काही विचार
942 _cBOOK
999 _c144590
_d144590